Statistics for Countries of the World on a Hand

Click here to take the quiz!

General Stats

  • This quiz has been taken 74 times
  • The average score is 53 of 59

Answers on the Map

Answers color-coded by a green-red scale on the quiz's map according to % correct below.
 

Answer Stats

Countries% Correct
Italy
97%
Germany
96%
Austria
94%
France
94%
Niger
94%
Russia
94%
Spain
94%
Sudan
94%
Croatia
93%
Denmark
93%
Egypt
93%
Latvia
93%
Libya
93%
Moldova
93%
Nigeria
93%
Poland
93%
Slovakia
93%
Turkey
93%
Ukraine
93%
Vatican City
93%
Albania
91%
Algeria
91%
Bosnia and Herzegovina
91%
Chad
91%
Greece
91%
Romania
91%
Switzerland
91%
Belarus
90%
Bulgaria
90%
Czechia
90%
Estonia
90%
Israel
90%
Jordan
90%
Kosovo
90%
Lebanon
90%
Lithuania
90%
Morocco
90%
Serbia
90%
Slovenia
90%
Hungary
89%
Iraq
89%
Liechtenstein
89%
Montenegro
89%
San Marino
89%
Saudi Arabia
89%
South Sudan
89%
Sweden
89%
Syria
89%
Tunisia
89%
Malta
87%
North Macedonia
87%
Benin
86%
Cameroon
86%
Central African Republic
86%
Ghana
86%
Mali
86%
Monaco
86%
Togo
86%
Burkina Faso
83%

Score Distribution

Percentile by Number Answered

Percent of People with Each Score

Your Score History

You have not taken this quiz